| 000 | 00381nam a2200157 4500 | ||
|---|---|---|---|
| 005 | 20260130123350.0 | ||
| 020 | _a9789395161480 | ||
| 082 |
_a658.872 _bRIT.E |
||
| 084 | _2Colon Classification | ||
| 100 |
_aRitendra Goell _98838 |
||
| 245 | _aE-commerce | ||
| 250 | _a2nd ed. | ||
| 260 |
_a NewDelhi: _bNew Age International, _c 2023. |
||
| 300 | _a200p. | ||
| 942 |
_2ddc _c GIF |
||
| 999 |
_c755546 _d755546 |
||